Критерии оценки качества водных объектов районов размещения металлургических предприятий; Актуальные проблемы современного машиностроения

Бібліографічні деталі
Parent link:Актуальные проблемы современного машиностроения.— 2014.— [С. 442-447]
Автор: Торосян В. Ф. Вера Фёдоровна
Співавтор: Национальный исследовательский Томский политехнический университет (ТПУ) Юргинский технологический институт (филиал) (ЮТИ) Кафедра безопасности жизнедеятельности, экологии и физического воспитания (БЖДЭФВ)
Інші автори: Торосян Е. С. Елена Самвеловна, Юшков В. П.
Резюме:Заглавие с титульного экрана
Мова:Російська
Опубліковано: 2014
Серія:Проблемы экологии и экономики в машиностроении
Предмети:
Онлайн доступ:http://earchive.tpu.ru/handle/11683/19007
Формат: Електронний ресурс Частина з книги
KOHA link:https://koha.lib.tpu.ru/cgi-bin/koha/opac-detail.pl?biblionumber=610839

MARC

LEADER 00000naa2a2200000 4500
001 610839
005 20260504093724.0
035 |a (RuTPU)RU\TPU\conf\8472 
035 |a RU\TPU\conf\8470 
090 |a 610839 
100 |a 20150205d2014 k y0rusy50 ca 
101 0 |a rus 
102 |a RU 
135 |a drcn ---uucaa 
181 0 |a i  
182 0 |a b 
200 1 |a Критерии оценки качества водных объектов районов размещения металлургических предприятий  |f В. Ф. Торосян, Е. С. Торосян, В. П. Юшков 
203 |a Текст  |c электронный 
225 1 |a Проблемы экологии и экономики в машиностроении 
300 |a Заглавие с титульного экрана 
320 |a [Библиогр.: с. 447 (8 назв.)] 
337 |a Adobe Reader 
463 0 |0 (RuTPU)RU\TPU\conf\7793  |t Актуальные проблемы современного машиностроения  |o сборник трудов Международной научно-практической конференции, г. Юрга, 11-12 декабря 2014 г.  |f Национальный исследовательский Томский политехнический университет (ТПУ), Юргинский технологический институт (ЮТИ) ; ред. кол. Д. В. Валуев [и др.]  |v [С. 442-447]  |d 2014 
610 1 |a труды учёных ТПУ 
610 1 |a электронный ресурс 
610 1 |a оценка качества 
610 1 |a водные объекты 
610 1 |a металлургические предприятия 
610 1 |a гидросфера 
610 1 |a металлургические предприятия 
700 1 |a Торосян  |b В. Ф.  |c специалист в области экологии и безопасности жизнедеятельности  |c доцент Юргинского технологического института (филиала) Томского политехнического университета  |f 1956-  |g Вера Фёдоровна  |3 (RuTPU)RU\TPU\pers\24283 
701 1 |a Торосян  |b Е. С.  |c специалист в области экологии и безопасности жизнедеятельности  |c ассистент Юргинский технологический институт (филиал) Томского политехнического университета  |f 1981-  |g Елена Самвеловна  |3 (RuTPU)RU\TPU\pers\25696 
701 1 |a Юшков  |b В. П. 
712 0 2 |a Национальный исследовательский Томский политехнический университет (ТПУ)  |b Юргинский технологический институт (филиал) (ЮТИ)  |b Кафедра безопасности жизнедеятельности, экологии и физического воспитания (БЖДЭФВ)  |3 (RuTPU)RU\TPU\col\18930 
801 2 |a RU  |b 63413507  |c 20221122  |g RCR 
856 4 |u http://earchive.tpu.ru/handle/11683/19007 
942 |c BK